[Event "VII Memorial Alvise Zichichi"]
[Site "Ladispoli ITA"]
[Date "2009.09.26"]
[Round "6"]
[White "Renzi, Marco"]
[Black "Caprio, Guido"]
[Result "0-1"]
[WhiteElo "1994"]
[BlackElo "2184"]
[PlyCount "72"]
[EventDate "2009.09.19"]

1. e4 c5 2. Nf3 d6 3. d4 cxd4 4. Nxd4 Nf6 5. Nc3 a6 6. Be2 e5 7. Nb3 Be7 8. O-O
O-O 9. f4 b5 10. Bf3 Bb7 11. Be3 Nbd7 12. Qd3 Rc8 13. Rad1 Re8 14. Rf2 d5 15.
Nxd5 Bxd5 16. exd5 e4 17. Bxe4 Nxe4 18. Rf3 Ndc5 19. Nxc5 Nxc5 20. Qf5 g6 21.
Qh3 f5 22. g4 fxg4 23. Qxg4 Qd7 24. f5 Rf8 25. Rdf1 Rf6 26. Bg5 Rf7 27. Qh4
Bxg5 28. Qxg5 Qxd5 29. h4 Ne4 30. Qh6 Nd2 31. R3f2 Nxf1 32. fxg6 Rg7 33. h5 Ng3
34. Rg2 Qd4+ 35. Kh2 Qh4+ 36. Kg1 Qh1+ 0-1

[Event "VII Memorial Alvise Zichichi"]
[Site "Ladispoli ITA"]
[Date "2009.09.26"]
[Round "6"]
[White "Vertechi, Pietro"]
[Black "Messina, Roberta"]
[Result "1-0"]
[WhiteElo "1959"]
[BlackElo "1895"]
[PlyCount "55"]
[EventDate "2009.09.19"]

1. e4 c5 2. Nf3 d6 3. d4 cxd4 4. Nxd4 Nf6 5. Nc3 a6 6. Be2 e6 7. O-O Be7 8. Be3
Qc7 9. a4 b6 10. f4 Bb7 11. Bf3 Nbd7 12. Qe2 O-O 13. Bf2 Rfe8 14. g4 Nb8 15. f5
exf5 16. Nxf5 Bf8 17. g5 Nxe4 18. Nxe4 Bxe4 19. Bxe4 d5 20. Nh6+ Kh8 21. Qh5
Rxe4 22. Nxf7+ Kg8 23. g6 h6 24. Nxh6+ gxh6 25. Qxd5+ Kh8 26. Qxe4 Nc6 27. Bd4+
Nxd4 28. Qxa8 1-0

[Event "VII Memorial Alvise Zichichi"]
[Site "Ladispoli ITA"]
[Date "2009.09.27"]
[Round "7"]
[White "Antonetti, Mattia"]
[Black "Bruno, Antonino"]
[Result "1-0"]
[WhiteElo "1592"]
[BlackElo "1509"]
[PlyCount "63"]
[EventDate "2009.09.19"]

1. Nf3 c5 2. c4 Nc6 3. Nc3 g6 4. b3 Bg7 5. Bb2 e6 6. Qb1 Nf6 7. e3 O-O 8. Be2
d5 9. cxd5 exd5 10. d4 cxd4 11. Nxd4 Nxd4 12. exd4 Bf5 13. Qd1 Re8 14. O-O Ne4
15. Na4 b6 16. Bd3 Rc8 17. f3 Nd6 18. Qd2 Bxd3 19. Qxd3 Nf5 20. Rfe1 Qh4 21. g3
Rxe1+ 22. Rxe1 Qf6 23. Re5 Qc6 24. Re1 Re8 25. Rxe8+ Qxe8 26. Kf2 Bh6 27. f4
Nd6 28. Nc3 Qe6 29. Kf3 Ne4 30. Nxe4 dxe4+ 31. Qxe4 Bg7 32. Qa8+ 1-0

[Event "VII Memorial Alvise Zichichi"]
[Site "Ladispoli ITA"]
[Date "2009.09.27"]
[Round "7"]
[White "Attanasi, Salvatore"]
[Black "Quimi, Marco"]
[Result "0-1"]
[WhiteElo "1822"]
[BlackElo "2227"]
[PlyCount "112"]
[EventDate "2009.09.19"]

1. e4 c5 2. d4 cxd4 3. c3 d3 4. c4 Nc6 5. Bxd3 Nf6 6. Nf3 g6 7. h3 Bg7 8. Nc3
O-O 9. Be3 d6 10. Rc1 Bd7 11. O-O Rc8 12. Qd2 Re8 13. Rfd1 Be6 14. b3 a6 15.
Nd5 Nd7 16. Ng5 Bxd5 17. exd5 Nce5 18. Be2 Nf6 19. f4 Ned7 20. Bd3 Nc5 21. f5
Nxd3 22. Qxd3 Qa5 23. fxg6 hxg6 24. a4 b5 25. axb5 axb5 26. Ra1 Qb4 27. Bd2
Qc5+ 28. Be3 bxc4 29. Qe2 Qb4 30. bxc4 Qxc4 31. Qf2 Rf8 32. Rac1 Qb3 33. Rb1
Qc2 34. Qf3 Rc3 35. Rbc1 Qb3 36. Rb1 Qc4 37. Rb7 Bh6 38. Rd4 Qxd4 39. Bxd4 Rxf3
40. Nxf3 Nxd5 41. h4 Bg7 42. Bxg7 Kxg7 43. Kf2 Rc8 44. Nd4 Rc4 45. Nf3 f6 46.
Rb5 Nf4 47. g3 Nd3+ 48. Ke3 Nc5 49. Nd4 Rc3+ 50. Kf2 Ne4+ 51. Ke1 Re3+ 52. Kf1
Nxg3+ 53. Kf2 Re4 54. Rb4 Nf5 55. Nxf5+ gxf5 56. Rb7 Kg6 0-1

[Event "VII Memorial Alvise Zichichi"]
[Site "Ladispoli ITA"]
[Date "2009.09.26"]
[Round "7"]
[White "Caprio, Guido"]
[Black "Parrini, Daniele"]
[Result "1-0"]
[WhiteElo "2184"]
[BlackElo "2022"]
[PlyCount "61"]
[EventDate "2009.09.19"]

1. e4 c5 2. Nf3 g6 3. d4 cxd4 4. Nxd4 Nc6 5. c4 Nf6 6. Nc3 Nxd4 7. Qxd4 d6 8.
Bg5 Bg7 9. Qd2 O-O 10. Bd3 Be6 11. O-O Re8 12. Nd5 Nd7 13. Rae1 Ne5 14. b3 h6
15. Bh4 g5 16. Bg3 Ng6 17. f4 Bxd5 18. exd5 g4 19. Bxg6 fxg6 20. Re6 Bf6 21.
Qe2 h5 22. Qe4 Kf7 23. Re1 Qb6+ 24. Bf2 Qa5 25. c5 dxc5 26. d6 Qb5 27. dxe7 c4
28. Bh4 g5 29. Qh7+ Bg7 30. Rf6+ Kxf6 31. fxg5+ 1-0

[Event "VII Memorial Alvise Zichichi"]
[Site "Ladispoli ITA"]
[Date "2009.09.27"]
[Round "7"]
[White "Cavaterra, Umberto"]
[Black "Arabito, Giuseppe"]
[Result "0-1"]
[WhiteElo "1801"]
[BlackElo "1904"]
[PlyCount "68"]
[EventDate "2009.09.19"]

1. e4 d6 2. d4 Nf6 3. Nc3 g6 4. Nf3 Bg7 5. h3 O-O 6. Be3 c6 7. Qd2 b5 8. Bh6
Nbd7 9. Bxg7 Kxg7 10. d5 Bb7 11. dxc6 Bxc6 12. Bd3 a6 13. b4 Qc7 14. O-O e6 15.
Rfe1 Rfd8 16. Qf4 Bb7 17. Nd1 Rac8 18. Ne3 Ne5 19. Ng4 Nfxg4 20. hxg4 Nxd3 21.
cxd3 Qc3 22. e5 Bxf3 23. Qf6+ Kg8 24. gxf3 dxe5 25. Kg2 e4 26. Qxc3 exf3+ 27.
Kxf3 Rxc3 28. a4 Rdxd3+ 29. Ke4 f5+ 30. gxf5 exf5+ 31. Ke5 Rc8 32. Kf4 Rd4+ 33.
Kg5 Kf7 34. axb5 h6+ 0-1

[Event "VII Memorial Alvise Zichichi"]
[Site "Ladispoli ITA"]
[Date "2009.09.26"]
[Round "7"]
[White "Elia, Alessio"]
[Black "Renzi, Marco"]
[Result "1-0"]
[WhiteElo "1850"]
[BlackElo "1994"]
[PlyCount "57"]
[EventDate "2009.09.19"]

1. d4 d5 2. Nf3 Bf5 3. e3 Nf6 4. Bd3 Be4 5. Nc3 e6 6. Bxe4 Nxe4 7. Nxe4 dxe4 8.
Nd2 Qg5 9. O-O Qg6 10. f3 exf3 11. Nxf3 Nd7 12. Qe2 c5 13. Qb5 O-O-O 14. c3 Bd6
15. b4 cxb4 16. cxb4 f6 17. Qc4+ Kb8 18. Qxe6 Bxb4 19. Qb3 Ba5 20. Rb1 Qe4 21.
Bd2 Bxd2 22. Nxd2 Qc6 23. Rfc1 Qa6 24. Ne4 Rhe8 25. Nd6 Re7 26. Qxb7+ Qxb7 27.
Rxb7+ Ka8 28. Rcc7 Nc5 29. Rxa7+ 1-0

[Event "VII Memorial Alvise Zichichi"]
[Site "Ladispoli ITA"]
[Date "2009.09.27"]
[Round "7"]
[White "Iacoacci, Giancarlo"]
[Black "Rampini, Carlo"]
[Result "1-0"]
[WhiteElo "1820"]
[BlackElo "1820"]
[PlyCount "127"]
[EventDate "2009.09.19"]

1. d4 Nf6 2. Nf3 g6 3. Bf4 d6 4. Nc3 Bg7 5. e4 O-O 6. Qd2 c5 7. O-O-O cxd4 8.
Nd5 Nxd5 9. exd5 e5 10. dxe6 Bxe6 11. a3 Nc6 12. Bh6 Rc8 13. Bxg7 Kxg7 14. Nxd4
Qf6 15. f3 Rfd8 16. Bb5 Ne5 17. Rhe1 a6 18. Nxe6+ fxe6 19. Bd3 Rc7 20. Kb1 b5
21. Qe3 Rdc8 22. c3 Re8 23. Bf1 Rc6 24. h3 Nf7 25. f4 e5 26. g3 Rd8 27. Bg2 Rc4
28. Bd5 exf4 29. Qf3 Ne5 30. Qf2 Rc5 31. gxf4 Nc4 32. Bxc4 bxc4 33. Qd4 Qxd4
34. Rxd4 d5 35. Re7+ Kg8 36. Kc2 a5 37. f5 g5 38. Rg4 h6 39. h4 Kf8 40. Re6 Rb5
41. Rxh6 Kg7 42. Rg6+ Kf7 43. R4xg5 Rdb8 44. b4 cxb3+ 45. Kb2 Re8 46. Re6 Rxe6
47. fxe6+ Kxe6 48. a4 Rb8 49. h5 d4 50. cxd4 Rb4 51. Rxa5 Rxd4 52. Kxb3 Rh4 53.
Rb5 Kd6 54. a5 Rh3+ 55. Kc4 Rh4+ 56. Kd3 Rh3+ 57. Ke4 Kc6 58. Rg5 Rh4+ 59. Kf5
Rb4 60. Kg6 Rb7 61. h6 Rd7 62. h7 Rd6+ 63. Kh5 Rd1 64. Kh6 1-0

[Event "VII Memorial Alvise Zichichi"]
[Site "Ladispoli ITA"]
[Date "2009.09.27"]
[Round "7"]
[White "Marta, Daniele"]
[Black "Vertechi, Pietro"]
[Result "1-0"]
[WhiteElo "2056"]
[BlackElo "1959"]
[PlyCount "33"]
[EventDate "2009.09.19"]

1. c4 Nf6 2. Nf3 c5 3. d4 cxd4 4. Nxd4 e5 5. Nb5 d5 6. cxd5 Bc5 7. e3 O-O 8.
N5c3 e4 9. Be2 Bf5 10. b3 Nbd7 11. Na4 Bb4+ 12. Nbc3 Qa5 13. Bd2 Rac8 14. g4
Bg6 15. g5 Nb6 16. gxf6 Nxa4 17. Nxa4 1-0

[Event "VII Memorial Alvise Zichichi"]
[Site "Ladispoli ITA"]
[Date "2009.09.27"]
[Round "7"]
[White "Masciolini, Giovanni"]
[Black "Fasulo, Marco"]
[Result "0-1"]
[WhiteElo "1583"]
[BlackElo "1616"]
[PlyCount "106"]
[EventDate "2009.09.19"]

1. c4 g6 2. Nc3 Bg7 3. g3 c6 4. Bg2 e6 5. Nf3 Ne7 6. d3 O-O 7. Be3 Nf5 8. Bg5
f6 9. Bd2 e5 10. O-O d6 11. b4 Be6 12. b5 cxb5 13. Nxb5 a6 14. Nc3 Nc6 15. Rb1
Rb8 16. Na4 b5 17. cxb5 axb5 18. Nc3 b4 19. Ne4 Bxa2 20. Rb2 b3 21. Bc3 Qb6 22.
Ned2 Ncd4 23. e3 Nc2 24. Ne1 Nfxe3 25. fxe3 Nxe3 26. Qe2 Nd1+ 27. Kh1 Nxc3 28.
Qf3 Na4 29. Nc4 Qd4 30. Rd2 d5 31. Qxd5+ Qxd5 32. Bxd5+ Kh8 33. Nb2 Nxb2 34.
Rxb2 f5 35. Rxa2 bxa2 36. Bxa2 Rb2 37. Bc4 Ra8 38. Ng2 Rc8 39. Ra1 h5 40. Nh4
Kh7 41. Ra6 e4 42. Ra1 exd3 43. Bxd3 Rd8 44. Bf1 Rxh2+ 45. Kxh2 Bxa1 46. Kh3
Rd2 47. Nf3 Rf2 48. Ng5+ Kg7 49. Bc4 Kf6 50. Nh7+ Kg7 51. Ng5 Bf6 52. Ne6+ Kh6
53. Bd3 g5 0-1

[Event "VII Memorial Alvise Zichichi"]
[Site "Ladispoli ITA"]
[Date "2009.09.27"]
[Round "7"]
[White "Mecali, Antonello"]
[Black "Placchetta, Omero"]
[Result "1-0"]
[WhiteElo "1826"]
[BlackElo "1719"]
[PlyCount "105"]
[EventDate "2009.09.19"]

1. c4 Nf6 2. Nc3 g6 3. Nf3 d6 4. g3 Bg7 5. Bg2 O-O 6. O-O c6 7. d3 Bg4 8. h3
Bxf3 9. Bxf3 Nbd7 10. Qc2 e5 11. b4 Qc8 12. Kh2 e4 13. Bg2 Ne5 14. Rb1 exd3 15.
exd3 Qf5 16. Ne4 Nxe4 17. Bxe4 Nf3+ 18. Kg2 Nd4 19. Qd2 Qd7 20. Kh2 Rfe8 21.
Qd1 f5 22. Bf3 Re6 23. Be3 Rae8 24. Bg2 Qe7 25. b5 f4 26. Bxd4 Bxd4 27. bxc6
bxc6 28. Bxc6 fxg3+ 29. Kxg3 Qg5+ 30. Qg4 Bxf2+ 31. Rxf2 Re3+ 32. Rf3 Qe5+ 33.
Qf4 Rxf3+ 34. Bxf3 Qxf4+ 35. Kxf4 Rf8+ 36. Kg3 h5 37. Bd5+ Kh8 38. Rb7 a5 39.
Ra7 Re8 40. Ra8 Rxa8 41. Bxa8 Kg7 42. Kf4 Kf6 43. h4 a4 44. a3 g5+ 45. hxg5+
Kg6 46. Be4+ Kg7 47. Bf3 Kg6 48. Bc6 h4 49. Bxa4 h3 50. Bc6 h2 51. a4 Kh5 52.
Kf5 h1=Q 53. Bxh1 1-0

[Event "VII Memorial Alvise Zichichi"]
[Site "Ladispoli ITA"]
[Date "2009.09.27"]
[Round "7"]
[White "Messina, Roberta"]
[Black "Gasperoni, Claudio"]
[Result "1/2-1/2"]
[WhiteElo "1895"]
[BlackElo "1770"]
[PlyCount "29"]
[EventDate "2009.09.19"]

1. e4 d6 2. d4 Nf6 3. Nc3 e5 4. dxe5 dxe5 5. Qxd8+ Kxd8 6. Nf3 Bd6 7. Bc4 Be6
8. Bxe6 fxe6 9. Be3 Nbd7 10. O-O-O h6 11. h3 Ke7 12. Nd2 a6 13. Nc4 b5 14. Nd2
Rhb8 15. h4 1/2-1/2

[Event "VII Memorial Alvise Zichichi"]
[Site "Ladispoli ITA"]
[Date "2009.09.27"]
[Round "7"]
[White "Messina, Salvatore"]
[Black "Carnicelli, Valerio"]
[Result "0-1"]
[WhiteElo "1524"]
[BlackElo "1751"]
[PlyCount "90"]
[EventDate "2009.09.19"]

1. d4 d5 2. c4 c6 3. Nc3 Nf6 4. Nf3 e6 5. Bg5 dxc4 6. e4 b5 7. a3 a6 8. d5 cxd5
9. exd5 Be7 10. dxe6 Qxd1+ 11. Rxd1 Bxe6 12. g3 O-O 13. Bg2 Ra7 14. O-O Ne8 15.
Be3 Rd7 16. Ne5 Rxd1 17. Rxd1 Bf6 18. Nc6 Nd7 19. Nd4 Ne5 20. Be4 Ng4 21. Nxe6
Nxe3 22. fxe3 fxe6 23. Rd7 Bxc3 24. bxc3 Nf6 25. Rd4 Nxe4 26. Rxe4 Kf7 27. Rf4+
Ke7 28. Rxf8 Kxf8 29. Kf2 Ke7 30. Kf3 e5 31. Ke4 Ke6 32. h3 g5 33. Kf3 Kf5 34.
e4+ Kg6 35. Ke3 Kf6 36. Kf3 h5 37. Ke2 Ke6 38. Kd2 Kd6 39. Kc2 Kc5 40. Kb2 a5
41. a4 b4 42. Kc2 Kb6 43. Kc1 Kc6 44. Kb1 bxc3 45. Kc2 Kb6 0-1

[Event "VII Memorial Alvise Zichichi"]
[Site "Ladispoli ITA"]
[Date "2009.09.27"]
[Round "7"]
[White "Sarti, Emanuele"]
[Black "Golino, Giovanni"]
[Result "1-0"]
[WhiteElo "1431"]
[BlackElo "1898"]
[PlyCount "63"]
[EventDate "2009.09.19"]

1. e4 e6 2. d4 d5 3. e5 c5 4. Nf3 Nc6 5. Bb5 Qb6 6. Bxc6+ bxc6 7. O-O cxd4 8.
Nxd4 Ba6 9. Re1 Ne7 10. a4 c5 11. a5 Qc7 12. Nb3 Nc6 13. Bf4 Rb8 14. Nc3 c4 15.
Nd4 Rxb2 16. Nxc6 Qxc6 17. Rb1 Ba3 18. Qg4 Rxb1 19. Rxb1 Bf8 20. Rb8+ Kd7 21.
Rb1 Kc7 22. Be3 Qa8 23. Qf3 f5 24. exf6 gxf6 25. Qxf6 Bd6 26. Qxe6 Re8 27.
Nxd5+ Kc6 28. Nb4+ Kb5 29. Qxd6 Rxe3 30. Nd5+ Rb3 31. cxb3 cxb3 32. Nc7+ 1-0

[Event "VII Memorial Alvise Zichichi"]
[Site "Ladispoli ITA"]
[Date "2009.09.27"]
[Round "7"]
[White "Trebeschi, Andrea"]
[Black "Giuliano, Alberto"]
[Result "1-0"]
[WhiteElo "2042"]
[BlackElo "1786"]
[PlyCount "75"]
[EventDate "2009.09.19"]

1. e4 c5 2. Nf3 d6 3. d3 g6 4. g3 b5 5. Bg2 Bb7 6. O-O Qc7 7. Be3 Nf6 8. h3 Nc6
9. Nc3 a6 10. Nd5 Nxd5 11. exd5 Nb4 12. c4 bxc4 13. dxc4 a5 14. Qd2 h6 15. Nh2
Bg7 16. Ng4 h5 17. Nh2 a4 18. a3 Na6 19. Qc2 Nb8 20. Rab1 Nd7 21. f4 O-O 22. f5
Ne5 23. Nf3 gxf5 24. Nxe5 Bxe5 25. Rxf5 e6 26. Rg5+ Bg7 27. Rxh5 f5 28. dxe6
Bxg2 29. Qxg2 Qe7 30. Qd5 Rae8 31. Rxf5 Qxe6 32. Rxf8+ Kxf8 33. Qxe6 Rxe6 34.
Bf4 Ke7 35. Kf2 Re4 36. b3 Rd4 37. bxa4 Rxc4 38. Rb7+ 1-0

[Event "VII Memorial Alvise Zichichi"]
[Site "Ladispoli ITA"]
[Date "2009.09.27"]
[Round "7"]
[White "Vuelban, Virgilio"]
[Black "Palermo, Stefano"]
[Result "1/2-1/2"]
[WhiteElo "2405"]
[BlackElo "2060"]
[PlyCount "30"]
[EventDate "2009.09.19"]

1. e4 c5 2. Nf3 d6 3. d4 cxd4 4. Nxd4 Nf6 5. Nc3 a6 6. Be3 e5 7. Nb3 Be6 8. Qd2
Nbd7 9. f3 b5 10. g4 Nb6 11. a4 Nc4 12. Bxc4 bxc4 13. Nc1 d5 14. exd5 Nxd5 15.
Nxd5 Qxd5 1/2-1/2

[Event "VII Memorial Alvise Zichichi"]
[Site "Ladispoli ITA"]
[Date "2009.09.27"]
[Round "8"]
[White "Arabito, Giuseppe"]
[Black "Giuliano, Alberto"]
[Result "0-1"]
[WhiteElo "1904"]
[BlackElo "1786"]
[PlyCount "20"]
[EventDate "2009.09.19"]

1. e4 e6 2. d4 d5 3. exd5 exd5 4. Bd3 Bd6 5. Ne2 Ne7 6. O-O O-O 7. Bf4 Bf5 8.
c3 Bxf4 9. Bxf5 Bxh2+ 10. Kxh2 Nxf5 0-1

[Event "VII Memorial Alvise Zichichi"]
[Site "Ladispoli ITA"]
[Date "2009.09.27"]
[Round "8"]
[White "Attanasi, Salvatore"]
[Black "Antonetti, Mattia"]
[Result "1-0"]
[WhiteElo "1822"]
[BlackElo "1592"]
[PlyCount "115"]
[EventDate "2009.09.19"]

1. e4 Nf6 2. e5 Nd5 3. d4 d6 4. exd6 exd6 5. c4 Nf6 6. Bd3 Be7 7. Nc3 O-O 8.
Nge2 Nc6 9. O-O Bg4 10. f3 Bd7 11. a3 Re8 12. b4 a6 13. Bb2 Bf8 14. Qc2 g6 15.
Ne4 Bg7 16. Rad1 Rc8 17. Rfe1 Ne7 18. N2g3 Kh8 19. d5 Neg8 20. Re2 h5 21. Rde1
h4 22. Ng5 Nh6 23. Rxe8+ Bxe8 24. N3e4 Nxe4 25. Bxg7+ Kxg7 26. Nxe4 Qe7 27.
Qc3+ Qe5 28. Qxe5+ dxe5 29. Nc5 c6 30. Rxe5 Kf6 31. Re1 cxd5 32. cxd5 Bb5 33.
Bxb5 axb5 34. d6 Rd8 35. Nxb7 Rd7 36. Nc5 Rxd6 37. Ne4+ Ke6 38. Nxd6+ Kxd6 39.
Re8 Nf5 40. Rd8+ Kc7 41. Rd5 Nd6 42. Rc5+ Kb6 43. Kf2 Nf5 44. Rxf5 gxf5 45. Ke3
Kc6 46. Kd4 Kd6 47. Kc3 f4 48. Kb3 Kc6 49. a4 bxa4+ 50. Kxa4 Kb6 51. b5 Kb7 52.
Ka5 Ka7 53. b6+ Kb7 54. Kb5 Kb8 55. Kc6 Kc8 56. Kd6 Kb7 57. Ke5 Kxb6 58. Kxf4
1-0

[Event "VII Memorial Alvise Zichichi"]
[Site "Ladispoli ITA"]
[Date "2009.09.27"]
[Round "8"]
[White "Bruno, Antonino"]
[Black "Carnicelli, Valerio"]
[Result "0-1"]
[WhiteElo "1509"]
[BlackElo "1751"]
[PlyCount "120"]
[EventDate "2009.09.19"]

1. e4 e5 2. Bc4 Nf6 3. d4 exd4 4. Nf3 Bc5 5. e5 d5 6. Bb3 Nfd7 7. Bxd5 Nxe5 8.
Nxe5 Qxd5 9. O-O O-O 10. Bf4 Be6 11. Nd2 Nd7 12. Nd3 Bd6 13. Bxd6 Qxd6 14. Ne4
Qb6 15. Qh5 Bc4 16. Rfd1 Bxd3 17. Rxd3 Rae8 18. Rh3 h6 19. Qg4 Qxb2 20. Rf1
Qxc2 21. Rg3 g6 22. Qxd7 Rxe4 23. Qh3 Kh7 24. a3 Rfe8 25. Qd7 R8e7 26. Qb5 Re1
27. h3 Rxf1+ 28. Qxf1 Qd2 29. Kh2 Qf4 30. Kg1 Qe5 31. Rf3 Kg7 32. Qd3 Qd6 33.
g3 c5 34. Qc4 Qc6 35. Kg2 b5 36. Qd3 a6 37. Kh1 Qd5 38. Kg2 c4 39. Qd2 c3 40.
Qf4 d3 41. Qf6+ Kg8 42. Qxe7 d2 43. Qe8+ Kg7 44. Qe3 d1=Q 45. Qxc3+ Kh7 46. Qf6
Q1b3 47. h4 Qdxf3+ 48. Qxf3 Qxf3+ 49. Kxf3 a5 50. Ke4 b4 51. axb4 axb4 52. Kd3
Kg7 53. Kc4 Kf6 54. Kxb4 Kf5 55. Kc3 Kg4 56. Kd4 Kf3 57. Ke5 Kxf2 58. g4 Kg3
59. g5 h5 60. Kf6 Kxh4 0-1

[Event "VII Memorial Alvise Zichichi"]
[Site "Ladispoli ITA"]
[Date "2009.09.27"]
[Round "8"]
[White "Caprio, Guido"]
[Black "Elia, Alessio"]
[Result "1-0"]
[WhiteElo "2184"]
[BlackElo "1850"]
[PlyCount "79"]
[EventDate "2009.09.19"]

1. e4 d6 2. d4 Nf6 3. Nc3 g6 4. Be3 Bg7 5. Qd2 c6 6. Nf3 b5 7. Bd3 Qc7 8. O-O
Nbd7 9. Bh6 O-O 10. Bxg7 Kxg7 11. b4 a6 12. a4 Bb7 13. Qe3 e5 14. dxe5 Ng4 15.
Qd2 Ngxe5 16. Nxe5 dxe5 17. Rfb1 Rad8 18. Qe3 Nb6 19. Qc5 Nd7 20. Qe3 Nb6 21.
g3 Rd4 22. Ne2 Nc4 23. Qc1 Rd6 24. Bxc4 bxc4 25. Qe3 Rfd8 26. Qc5 Rf6 27. Rd1
Re8 28. Kg2 Bc8 29. f3 Be6 30. b5 axb5 31. axb5 Qc8 32. b6 Bh3+ 33. Kf2 Qg4 34.
Ng1 Qxe4 35. Nxh3 Rxf3+ 36. Kg1 Qxc2 37. Qxc6 Rd3 38. Rf1 Re6 39. Qc7 Red6 40.
Rxf7+ 1-0

[Event "VII Memorial Alvise Zichichi"]
[Site "Ladispoli ITA"]
[Date "2009.09.27"]
[Round "8"]
[White "Fasulo, Marco"]
[Black "Cavaterra, Umberto"]
[Result "1-0"]
[WhiteElo "1616"]
[BlackElo "1801"]
[PlyCount "57"]
[EventDate "2009.09.19"]

1. e4 e5 2. d3 Nf6 3. Bg5 Be7 4. Bxf6 Bxf6 5. Nc3 O-O 6. Nd5 c6 7. Nxf6+ Qxf6
8. Qd2 d5 9. f3 Nd7 10. O-O-O d4 11. g4 Qe6 12. Kb1 a5 13. h4 a4 14. a3 Nf6 15.
Ne2 Qd6 16. h5 Ne8 17. g5 c5 18. Bh3 Bxh3 19. Rxh3 b5 20. f4 b4 21. axb4 cxb4
22. fxe5 Qe7 23. Nxd4 Qxe5 24. Qxb4 Qxg5 25. Nf5 Nf6 26. Rg3 Qxh5 27. Rxg7+ Kh8
28. Rdg1 Rg8 29. Qd4 1-0

[Event "VII Memorial Alvise Zichichi"]
[Site "Ladispoli ITA"]
[Date "2009.09.27"]
[Round "8"]
[White "Gasperoni, Claudio"]
[Black "Luzi, Alessandro"]
[Result "0-1"]
[WhiteElo "1770"]
[BlackElo "1917"]
[PlyCount "96"]
[EventDate "2009.09.19"]

1. d4 Nf6 2. Nf3 g6 3. c4 Bg7 4. Nc3 O-O 5. e4 d6 6. Be2 e5 7. d5 a5 8. Bg5 Na6
9. Nd2 h6 10. Be3 Ne8 11. a3 f5 12. f3 f4 13. Bf2 Bd7 14. Rb1 b6 15. b4 axb4
16. axb4 Nf6 17. c5 bxc5 18. Bxa6 Rxa6 19. bxc5 g5 20. c6 Be8 21. Qe2 Qa8 22.
O-O Bg6 23. Rb7 Rc8 24. Nb5 Ra2 25. Qd3 Ne8 26. Rb1 Ra1 27. Ba7 Rxb1+ 28. Qxb1
h5 29. Nc4 Bf6 30. Nca3 Bd8 31. Nc2 Nf6 32. Nb4 Kf8 33. Qe1 Ne8 34. Na6 Kg7 35.
Qa5 Kh6 36. Naxc7 Nxc7 37. Nxc7 Bxc7 38. Rxc7 Rb8 39. Qa6 Rb1+ 40. Kf2 Rb2+ 41.
Ke1 Qf8 42. Rb7 Rxg2 43. c7 Qc8 44. Bb6 Rxh2 45. Qa7 Qh3 46. Qa6 Qg3+ 47. Kd1
Qxf3+ 48. Kc1 Qc3+ 0-1

[Event "VII Memorial Alvise Zichichi"]
[Site "Ladispoli ITA"]
[Date "2009.09.27"]
[Round "8"]
[White "Guanciale, Orazio"]
[Black "Vuelban, Virgilio"]
[Result "1-0"]
[WhiteElo "2155"]
[BlackElo "2405"]
[PlyCount "45"]
[EventDate "2009.09.19"]

1. e4 c5 2. Nc3 Nc6 3. f4 g6 4. Nf3 Bg7 5. Bb5 Nd4 6. O-O Nxb5 7. Nxb5 d6 8. d3
Nf6 9. Nc3 Bg4 10. Qe1 O-O 11. Qh4 Qd7 12. f5 gxf5 13. Bh6 Bxh6 14. Qxh6 fxe4
15. dxe4 Bh5 16. Nh4 Bg6 17. Nf5 Bxf5 18. Rxf5 Kh8 19. Rxf6 exf6 20. Qxf6+ Kg8
21. Nd5 h6 22. Ne7+ Kh7 23. Nf5 1-0

[Event "VII Memorial Alvise Zichichi"]
[Site "Ladispoli ITA"]
[Date "2009.09.27"]
[Round "8"]
[White "Messina, Roberta"]
[Black "Iacoacci, Giancarlo"]
[Result "1-0"]
[WhiteElo "1895"]
[BlackElo "1820"]
[PlyCount "97"]
[EventDate "2009.09.19"]

1. e4 c6 2. d4 d5 3. Nc3 dxe4 4. Nxe4 Nd7 5. Nf3 Ngf6 6. Nxf6+ Nxf6 7. Bc4 Bg4
8. Bxf7+ Kxf7 9. Ne5+ Kg8 10. Nxg4 g6 11. O-O Bg7 12. c3 h5 13. Ne5 Kh7 14. Nf7
Qd5 15. Nxh8 Rxh8 16. Qf3 Qd7 17. Bg5 Nd5 18. Rfe1 Rf8 19. Qg3 b5 20. Re2 Rf7
21. Rae1 Bf6 22. Bxf6 exf6 23. b3 a5 24. c4 bxc4 25. bxc4 Ne7 26. Qd3 Nf5 27.
d5 Kg7 28. Qe4 cxd5 29. Qxd5 Qc7 30. Re6 Qa7 31. c5 Rd7 32. Qc4 Rd4 33. Qxd4
Nxd4 34. Re7+ Qxe7 35. Rxe7+ Kf8 36. Ra7 Ne6 37. Rxa5 Ke7 38. Ra7+ Kd8 39. c6
Nc7 40. Rb7 Kc8 41. a4 h4 42. a5 g5 43. Kf1 g4 44. Rb4 g3 45. fxg3 hxg3 46.
hxg3 Na6 47. Rb6 Nc7 48. a6 Nd5 49. Rb7 1-0

[Event "VII Memorial Alvise Zichichi"]
[Site "Ladispoli ITA"]
[Date "2009.09.27"]
[Round "8"]
[White "Palermo, Stefano"]
[Black "Renzi, Marco"]
[Result "1-0"]
[WhiteElo "2060"]
[BlackElo "1994"]
[PlyCount "57"]
[EventDate "2009.09.19"]

1. e4 e5 2. Nf3 Nc6 3. Bb5 d6 4. d4 Bd7 5. Nc3 exd4 6. Nxd4 Nxd4 7. Bxd7+ Qxd7
8. Qxd4 Ne7 9. Be3 Nc6 10. Qd2 g6 11. Nd5 Bg7 12. O-O-O O-O-O 13. Bg5 Rdf8 14.
Rhe1 f6 15. Be3 h5 16. f4 Re8 17. Bd4 Nxd4 18. Qxd4 Kb8 19. Nxf6 Qe6 20. e5
Bxf6 21. exf6 Qf7 22. c4 Rhf8 23. c5 Re6 24. Rxe6 Qxe6 25. cxd6 c5 26. Qe5 Qc4+
27. Kb1 b6 28. d7+ Kb7 29. Qe7 1-0

[Event "VII Memorial Alvise Zichichi"]
[Site "Ladispoli ITA"]
[Date "2009.09.27"]
[Round "8"]
[White "Placchetta, Omero"]
[Black "Gerlando, Onofrio"]
[Result "0-1"]
[WhiteElo "1719"]
[BlackElo "1627"]
[PlyCount "68"]
[EventDate "2009.09.19"]

1. e4 e6 2. d4 d6 3. Nf3 Ne7 4. Nc3 Nd7 5. Bd3 g6 6. Bg5 Bg7 7. O-O a6 8. Re1
h6 9. Bd2 b6 10. e5 Bb7 11. Be4 d5 12. Bd3 O-O 13. g4 c5 14. dxc5 bxc5 15. g5
h5 16. Bf1 Bc6 17. Bg2 Qb8 18. Rb1 Nxe5 19. Bf4 Nxf3+ 20. Qxf3 Qb7 21. Qe2 Nf5
22. Be5 Nh4 23. Bxg7 Kxg7 24. Qe5+ Kg8 25. Qf4 Nxg2 26. Kxg2 d4+ 27. Ne4 Rad8
28. Kg1 Bxe4 29. Rxe4 Rd5 30. Qf6 Rf5 31. Rxe6 Rxf6 32. Rxf6 Re8 33. Rd6 Re2
34. b3 a5 0-1

[Event "VII Memorial Alvise Zichichi"]
[Site "Ladispoli ITA"]
[Date "2009.09.27"]
[Round "8"]
[White "Quimi, Marco"]
[Black "Marta, Daniele"]
[Result "0-1"]
[WhiteElo "2227"]
[BlackElo "2056"]
[PlyCount "69"]
[EventDate "2009.09.19"]

1. c4 Nf6 2. Nc3 e6 3. g3 c5 4. Bg2 Nc6 5. Nf3 a6 6. O-O Qc7 7. b3 b6 8. d4
cxd4 9. Nxd4 Bb7 10. Bf4 d6 11. Bg5 Be7 12. Rc1 Nxd4 13. Qxd4 Bxg2 14. Kxg2 O-O
15. Rfd1 Rfd8 16. f3 h6 17. Be3 Rab8 18. Qd2 Qc6 19. a4 Ng4 20. Bd4 Bg5 21. e3
e5 22. Nd5 exd4 23. Qxd4 Nxe3+ 24. Nxe3 Re8 25. Re1 Bxe3 26. Rxe3 Rxe3 27. Qxe3
Re8 28. Qd3 Qc5 29. Rd1 Re3 30. Qc2 Qc6 31. Rd5 Qe8 32. Rd2 Qc6 33. Rd5 Qe8 34.
Rd2 Qc6 35. Rd3 0-1

[Event "VII Memorial Alvise Zichichi"]
[Site "Ladispoli ITA"]
[Date "2009.09.27"]
[Round "8"]
[White "Trebeschi, Andrea"]
[Black "Parrini, Daniele"]
[Result "0-1"]
[WhiteElo "2042"]
[BlackElo "2022"]
[PlyCount "110"]
[EventDate "2009.09.19"]

1. e4 c5 2. Nf3 Nc6 3. d3 g6 4. g3 Bg7 5. Bg2 e6 6. O-O Nge7 7. Re1 O-O 8. c3
d6 9. Be3 Bd7 10. Qd2 Re8 11. d4 cxd4 12. cxd4 d5 13. e5 Nf5 14. Bf4 Qb6 15.
Rd1 f6 16. g4 Nfxd4 17. Nxd4 Qxd4 18. Qc1 Qb6 19. exf6 Bxf6 20. Nc3 Ne7 21. Rb1
Rac8 22. Qd2 Rcd8 23. Be3 Qc7 24. Rbc1 Qb8 25. Bg5 Rf8 26. Bh6 Bg7 27. Bg5 Bf6
28. Bh6 Rf7 29. Re1 Be5 30. h3 Bf4 31. Bxf4 Qxf4 32. Qe3 Qxe3 33. fxe3 Rc8 34.
Ne2 Rff8 35. a3 Rxc1 36. Rxc1 Rc8 37. Rxc8+ Nxc8 38. e4 dxe4 39. Bxe4 Nd6 40.
Bd3 Bb5 41. Bxb5 Nxb5 42. Kf2 Nd6 43. b3 Kf7 44. Ke3 e5 45. h4 Ke6 46. a4 Kd5
47. Kd3 Kc5 48. Nc3 a5 49. h5 gxh5 50. gxh5 h6 51. Na2 e4+ 52. Ke3 Kd5 53. b4
b6 54. bxa5 bxa5 55. Nc3+ Ke5 0-1